Countries Whose Largest City Has Highest % of the Population - Statistics

General Stats
  • This quiz has been taken 41 times
  • The average score is 7 of 17
Answer Stats
Percentage Continent Country % Correct
53% South America Uruguay
86%
75% South America Paraguay
81%
63% North America Panama
65%
75% Africa Djibouti
54%
73% Asia Kuwait
54%
50% Africa Rwanda
51%
62% Africa Burundi
43%
64% Africa Republic of the Congo
41%
52% Africa Togo
41%
73% North America Trinidad and Tobago
41%
51% Africa Mauritania
35%
69% Africa Guinea-Bissau
32%
60% Africa Eritrea
27%
58% Africa Liberia
27%
70% Asia Mongolia
22%
58% Asia Armenia
16%
51% Asia Cambodia
16%
No matching quizzes found
Score Distribution
Percent of People with Each Score
Percentile by Number Answered
Your Score History
You have not taken this quiz